Hong Kong Bus Route in Repetition香港巴士重覆路線 - Statistics

General Stats
  • This quiz has been taken 239 times
    217 since last reset
  • The average score is 35 of 52
Answer Stats
Hint Answer % Correct
KMB/CTB/NLB 1
98%
KMB/NWFB/NLB 2
97%
KMB/NWFB 2
97%
KMB/CTB 6
97%
KMB/CTB 7
96%
KMB/NWFB 8
96%
KMB/NWFB 9
96%
NWFB/NLB 4
94%
KMB/CTB/NLB 11
93%
KMB/NWFB 15
92%
KMB/CTB 10
91%
KMB/CTB 12
91%
KMB/NWFB 14
88%
KMB/NWFB/NLB 38
85%
KMB/NWFB 18
83%
KMB/NWFB/NLB 23
82%
KMB/NWFB 26
81%
KMB/NLB 34
81%
KMB/NLB 37
80%
KMB/NWFB 27
79%
KMB/NLB 36
79%
KMB/NLB 21
78%
KMB/NWFB 42
74%
KMB/NWFB 91
71%
KMB/CTB 99
71%
KMB/CTB 40
70%
KMB/CTB 72
69%
KMB/NWFB 2A
68%
KMB/NWFB 81
67%
KMB/NWFB 94
67%
KMB/CTB 85
66%
KMB/CTB 73
65%
KMB/NWFB 95
65%
KMB/NWFB 8P
62%
KMB/NWFB 2X
56%
KMB/NLB 37M
51%
KMB/CTB 6X
50%
KMB/NLB 39M
48%
KMB/NLB 3M
47%
KMB/CTB 72A
46%
KMB/NWFB 30X
44%
KMB/CTB 41A
44%
KMB/CTB 12A
43%
KMB/NWFB 42C
41%
KMB/CTB 5X
41%
KMB/NWFB 82X
38%
KMB/NWFB 93A
36%
KMB/CTB 40P
35%
KMB/CTB 85A
34%
KMB/CTB 43M
33%
KMB/NWFB 88X
30%
KMB/CTB 73P
28%
No matching quizzes found
Score Distribution
Percent of People with Each Score
Percentile by Number Answered
Your Score History
You have not taken this quiz since the last reset